| 000 | 01021cam a2200301 a 4500 | ||
|---|---|---|---|
| 005 | 20031230185550.0 | ||
| 008 | 940308s1993 enkab b 001 0 eng | ||
| 010 | _aENG-101727 | ||
| 020 |
_c600.00 _a9789350246573 |
||
| 035 | _aEN-85260 | ||
| 037 | _bDBAD/PUB | ||
| 040 |
_adpl _bEng |
||
| 082 | _a920 | ||
| 100 | 1 | _922405 | |
| 245 | 1 | 0 |
_aGopal Krishna Gokhale/ _cedited by Imran Ahmed [and] N.P. Sharma |
| 260 |
_aNew Delhi _bHimalaya Books _c2010 |
||
| 270 |
_a"Pooja Apartment", 4-B Murari Lal Street, Ansari Road, Darya Ganj, _bNew Delhi _e110002 |
||
| 300 |
_a342p. _c23cm (Hb) |
||
| 490 |
_aBiographies ; edited by M.H. Syed _924069 |
||
| 500 | _aIncludes bibliographical references and index | ||
| 650 | 0 | _922448 | |
| 651 | _922481 | ||
| 700 |
_923269 _aImran Ahmed |
||
| 700 |
_aSharma, N.P. _923315 |
||
| 700 |
_aSyed, M.H. _923316 |
||
| 942 |
_2ddc _cEN _mGOK _h920 |
||
| 999 |
_c48383 _d48383 |
||